Úspešné položky českého vývozu: Angola

Prehľad tovarových položiek českého vývozu do Angoly.

Guardado en:
Detalles Bibliográficos
Autor principal: Straka, Miloš
Formato: Capítulo de libro
Lenguaje:checo
Materias:
Etiquetas: Agregar Etiqueta
Sin Etiquetas, Sea el primero en etiquetar este registro!

MARC

LEADER 00000naa a2200000 4500
001 r047844
005 20230908091449.4
041 0 |a cze 
044 |a CZ 
245 1 0 |a Úspešné položky českého vývozu: Angola  |c Miloš Straka 
520 |a Prehľad tovarových položiek českého vývozu do Angoly. 
610 2 0 |a vývoz 
610 2 0 |a Česko 
610 2 0 |a Angola 
610 2 0 |a komodity 
610 2 0 |a bilancia obchodná 
100 1 |a Straka, Miloš